Statistics for Five Countries with the Longest Coastline by Continent

Click here to take the quiz!

General Stats

  • This quiz has been taken 24,123 times
    (22,949 since last reset)
  • The average score is 25 of 28

Answer Stats

Continent Country % Correct
North AmericaCanada
98%
North AmericaUnited States
98%
Asia, EuropeRussia
98%
OceaniaAustralia
98%
South AmericaBrazil
97%
South AmericaChile
97%
AfricaSouth Africa
96%
AsiaChina
96%
OceaniaNew Zealand
96%
North AmericaMexico
96%
South AmericaArgentina
95%
EuropeUnited Kingdom
95%
EuropeNorway
94%
AsiaIndonesia
92%
AsiaJapan
92%
South AmericaColombia
89%
EuropeSweden
88%
South AmericaVenezuela
86%
North AmericaCuba
84%
EuropeGreece
84%
AfricaMorocco
84%
OceaniaPapua New Guinea
82%
AfricaEgypt
82%
AfricaMadagascar
82%
AsiaPhilippines
80%
AfricaMozambique
67%
OceaniaSolomon Islands
65%
OceaniaVanuatu
56%

Score Distribution

Percentile by Number Answered

Percent of People with Each Score

Your Score History

You have not taken this quiz since the last reset